Bhaṭṭa-nibandhāvalī; Svargīya Paṇḍita Bālakr̥shṇajī Bhaṭṭa ke śreshṭha aura sundara nibandhoṃ kā saṅgraha. (Record no. 75721)

MARC details
000 -LEADER
fixed length control field 00918nam a2200253 a 4500
001 - CONTROL NUMBER
control field sa 67006145
003 - CONTROL NUMBER IDENTIFIER
control field DLC
005 - DATE AND TIME OF LATEST TRANSACTION
control field 20260227112404.0
008 - FIXED-LENGTH DATA ELEMENTS--GENERAL INFORMATION
fixed length control field 901221m19649999ii 00010 hino
010 ## - LIBRARY OF CONGRESS CONTROL NUMBER
LC control number sa 67006145
040 ## - CATALOGING SOURCE
Original cataloging agency DLC
Transcribing agency DLC
050 00 - LIBRARY OF CONGRESS CALL NUMBER
Classification number PK2097
Item number .B54 1964
100 10 - MAIN ENTRY--PERSONAL NAME
Personal name Bhaṭṭa, Bālakr̥shṇa,
Dates associated with a name 1844-1914.
240 10 - UNIFORM TITLE
Uniform title Works.
Date of a work 1964
245 10 - TITLE STATEMENT
Title Bhaṭṭa-nibandhāvalī; Svargīya Paṇḍita Bālakr̥shṇajī Bhaṭṭa ke śreshṭha aura sundara nibandhoṃ kā saṅgraha.
Statement of responsibility, etc. Sampādaka Devīdatta Śukla [tathā] Dhanañjaya Bhaṭṭa 'Sarala.'
250 ## - EDITION STATEMENT
Edition statement [7. saṃskaraṇa].
260 0# - PUBLICATION, DISTRIBUTION, ETC.
Place of publication, distribution, etc. Prayāga,
Name of publisher, distributor, etc. Hindī Sāhitya Sammelana,
Date of publication, distribution, etc. [1964/65]-<1983 >
300 ## - PHYSICAL DESCRIPTION
Extent v. <1, 3 > ;
Dimensions 19 cm.
440 #0 - SERIES STATEMENT/ADDED ENTRY--TITLE
Title Sulabha-sāhitya-mālā
500 ## - GENERAL NOTE
General note In Hindi.
500 ## - GENERAL NOTE
General note Vols. 3- Lack series statement.
700 10 - ADDED ENTRY--PERSONAL NAME
Personal name Śukla, Devidatta.
700 10 - ADDED ENTRY--PERSONAL NAME
Personal name Bhaṭṭa, Dhanañjaya.

No items available.

Powered by Koha